Global Development Finance 2003 Vol 1 (Analysis and Statistical Appendix) (Record no. 14586)

000 -LEADER
fixed length control field 02167cam a22002654a 4500
020 ## - INTERNATIONAL STANDARD BOOK NUMBER
ISBN 0821354280
040 ## - CATALOGING SOURCE
Transcribing agency DLC
082 ## - DEWEY DECIMAL CLASSIFICATION NUMBER
Classification number 332 WOR 2003 A069 Or.
110 2# - MAIN ENTRY--CORPORATE NAME
Corporate name or jurisdiction name as entry element World Bank.
245 10 - TITLE STATEMENT
Title Global Development Finance 2003 Vol 1 (Analysis and Statistical Appendix)
Remainder of title Striving for Stability in Development Finance.
260 ## - PUBLICATION, DISTRIBUTION, ETC. (IMPRINT)
Place of publication Washington, D.C. :
Name of publisher The World Bank,
Year of publication 2003.
300 ## - PHYSICAL DESCRIPTION
Number of Pages 1 online resource (252 p.)
490 1# - SERIES STATEMENT
Series statement Global Development Finance
520 3# - SUMMARY, ETC.
Summary, etc Since the late 1990s, an essential shift has taken place in the pattern of private sector financial flows to developing countries. Debt flows have fallen sharply, while equity flows--primarily in the form of foreign direct investment--have remained comparatively robust. The shift from debt to equity ought to diminish the volatility of developing countries' external finance and improve their access to technology, markets, and management expertise. However, much more needs to be done to put development finance on a stable basis. Global Development Finance 2003 is unique in its depth of coverage of the issues related to international development finance. By putting all development-related flows in a consistent framework, the publication will allow government officials, economists, investors, financial consultants, academics, bankers, and the entire development community to better understand, manage, and promote the key challenges of financing development. Global Development Finance 2003, I: Analysis and Statistical Appendix is the World Bank’s annual review of recent trends in and prospects for financial flows to developing countries. It also contains the World Bank's projections of the global outlook in view of the current global geopolitical uncertainties.
650 #4 - SUBJECT ADDED ENTRY--TOPICAL TERM
Topical Term Access to Finance.
650 #4 - SUBJECT ADDED ENTRY--TOPICAL TERM
Topical Term Bankruptcy and Resolution of Financial Distress.
650 #4 - SUBJECT ADDED ENTRY--TOPICAL TERM
Topical Term Debt Markets.
650 #4 - SUBJECT ADDED ENTRY--TOPICAL TERM
Topical Term Emerging Markets.
650 #4 - SUBJECT ADDED ENTRY--TOPICAL TERM
Topical Term Finance and Financial Sector Development.
650 #4 - SUBJECT ADDED ENTRY--TOPICAL TERM
Topical Term Financial Literacy.
650 #4 - SUBJECT ADDED ENTRY--TOPICAL TERM
Topical Term Private Sector Development.
710 2# - ADDED ENTRY--CORPORATE NAME
Corporate name or jurisdiction name as entry element World Bank.
856 40 - ELECTRONIC LOCATION AND ACCESS
Uniform Resource Identifier http://elibrary.worldbank.org/content/book/9780821354285
942 ## - ADDED ENTRY ELEMENTS (KOHA)
Koha item type សៀវភៅភាសាអង់គ្លេស
952 ## - LOCATION AND ITEM INFORMATION (KOHA)
Withdrawn status [LOCAL, KOHA] 0
Holdings
Permanent Location Date acquired Koha item type Lost status Shelving location Barcode Current Location Full call number
Library Block A2017-10-19សៀវភៅភាសាអង់គ្លេស A069A08797Library Block A332 WOR 2003 A069 Or.
មជ្ឈមណ្ឌលឯការនៃសាកលវិទ្យាល័យភូមិន្ទកសិកម្មចំការដូង

Powered by Koha